Plant disease. (Record no. 22221)
[ view plain ]
| 000 -LEADER | |
|---|---|
| fixed length control field | 00399cas a2200145 4500 |
| 022 0# - INTERNATIONAL STANDARD SERIAL NUMBER | |
| ISSN | 0191-2917 |
| 040 ## - CATALOGING SOURCE | |
| Transcribing agency | NSD |
| 082 ## - DEWEY DECIMAL CLASSIFICATION NUMBER | |
| Classification number | 632 PLA 1983 C101 Or. |
| 245 00 - TITLE STATEMENT | |
| Title | Plant disease. |
| 260 ## - PUBLICATION, DISTRIBUTION, ETC. (IMPRINT) | |
| Place of publication | [St. Paul, Minn.] : |
| Name of publisher | [American Phytopathological Society] |
| 300 ## - PHYSICAL DESCRIPTION | |
| Number of Pages | volumes : |
| Other physical details | illustrations ; |
| Dimensions | 28 cm |
| 650 #0 - SUBJECT ADDED ENTRY--TOPICAL TERM | |
| Topical Term | Plant diseases |
| 710 2# - ADDED ENTRY--CORPORATE NAME | |
| Corporate name or jurisdiction name as entry element | American Phytopathological Society. |
| 942 ## - ADDED ENTRY ELEMENTS (KOHA) | |
| Koha item type | ADB |
| 952 ## - LOCATION AND ITEM INFORMATION (KOHA) | |
| Withdrawn status [LOCAL, KOHA] | 0 |
| Permanent Location | Date acquired | Koha item type | Lost status | Shelving location | Barcode | Current Location | Full call number |
|---|---|---|---|---|---|---|---|
| Library Block C | 2023-11-20 | ADB | C101 | a18599 | Library Block C | 632 PLA 1983 C101 Or. |